Catálogo público

Resúmenes: sexta presentación de trabajos de investigación agrícola en el Campo Experimental / (Record no. 164659)

MARC details
000 -CABECERA
campo de control de longitud fija 00817nam a2200289Ia 4500
001 - NÚMERO DE CONTROL
campo de control Z_1571
003 - IDENTIFICADOR DEL NÚMERO DE CONTROL
campo de control CHAP
008 - DATOS DE LONGITUD FIJA--INFORMACIÓN GENERAL
campo de control de longitud fija 220113s1989 xx 000 0 und d
010 ## - NÚMERO DE CONTROL DE LA BIBLIOTECA DEL CONGRESO
Número de control de LC 164659
040 ## - FUENTE DE LA CATALOGACIÓN
Centro/agencia transcriptor CHAP
090 ## - LOCALMENTE ASIGNADO TIPO-LC NÚMERO DE CLASIFICACIÓN (OCLC); NÚMERO DE CLASIFICACIÓN LOCAL (RLIN)
Número de clasificación (OCLC) (R) ; Numero de clasificación, CALL (RLIN) (NR) Folleto 153 (1989)
100 ## - ENTRADA PRINCIPAL--NOMBRE DE PERSONA
Nombre de persona UACH. Departamento de Campo Experimental
9 (RLIN) 138711
245 ## - MENCIÓN DE TÍTULO
Título Resúmenes: sexta presentación de trabajos de investigación agrícola en el Campo Experimental /
Mención de responsabilidad, etc. por UACH. Departamento de Campo Experimental
260 ## - PUBLICACIÓN, DISTRIBUCIÓN, ETC.
Lugar de publicación, distribución, etc. Chapingo, Méx :
Nombre del editor, distribuidor, etc. La Universidad,
Fecha de publicación, distribución, etc. 1989
300 ## - DESCRIPCIÓN FÍSICA
Extensión 42 h
440 ## - MENCIÓN DE SERIE/PUNTO DE ACCESO ADICIONAL--TÍTULO
Título
500 ## - NOTA GENERAL
Nota general
503 ## - NOTA DE HISTORIA BIBLIOGRÁFICA (BK CF MU) [OBSOLETO]
Nota de historia bibliográfica
650 ## - PUNTO DE ACCESO ADICIONAL DE MATERIA--TÉRMINO DE MATERIA
Término de materia o nombre geográfico como elemento de entrada Agricultura
Subdivisión general Investigación
9 (RLIN) 1577
650 ## - PUNTO DE ACCESO ADICIONAL DE MATERIA--TÉRMINO DE MATERIA
Término de materia o nombre geográfico como elemento de entrada Universidades
Subdivisión general Investigación
9 (RLIN) 116636
901 ## - ELEMENTOS DE DATOS A LOCAL LDA (RLIN)
a Folleto 153 (1989)
902 ## - ELEMENTOS DE DATOS B LOCAL, LDB (RLIN)
a A
910 ## - DATOS DE OPCIÓN DEL USUARIO (OCLC)
Datos de opción del usuario 1989
942 ## - ELEMENTOS DE PUNTO DE ACCESO ADICIONAL (KOHA)
Tipo de ítem Koha
942 ## - ELEMENTOS DE PUNTO DE ACCESO ADICIONAL (KOHA)
Tipo de ítem Koha
Holdings
Estado de retiro Estado de pérdida Estado dañado No para préstamo Código de colección Localización permanente Ubicación/localización actual Ubicación en estantería Fecha de adquisición Información codificada de la localización en otra ubicación Total de préstamos Código de barras Fecha visto por última vez Número de copia Precio válido a partir de Tipo de ítem Koha Nota pública Fuente del sistema de clasificación o colocación
        Folletos Zootecnia Zootecnia   09/11/2005 c14   z_A0292 18/01/2022 1 18/01/2022 Folleto 3  
        Folletos Zootecnia Zootecnia   09/11/2005     z_A0293 18/01/2022 2 18/01/2022 Folleto   Clasificación Universidad Autónoma de Chapingo
        Folletos Zootecnia Zootecnia   09/11/2005     z_A0294 18/01/2022 3 18/01/2022 Folleto   Clasificación Universidad Autónoma de Chapingo
        Folletos Zootecnia Zootecnia   09/11/2005     z_A0295 18/01/2022 4 18/01/2022 Folleto   Clasificación Universidad Autónoma de Chapingo
        Folletos Zootecnia Zootecnia   09/11/2005     z_A0296 18/01/2022 5 18/01/2022 Folleto   Clasificación Universidad Autónoma de Chapingo
        Folletos Zootecnia Zootecnia   09/11/2005     z_A0297 18/01/2022 6 18/01/2022 Folleto   Clasificación Universidad Autónoma de Chapingo
        Folletos Zootecnia Zootecnia   09/11/2005     z_A0298 18/01/2022 7 18/01/2022 Folleto   Clasificación Universidad Autónoma de Chapingo
        Folletos Zootecnia Zootecnia   09/11/2005     z_A0299 18/01/2022 8 18/01/2022 Folleto   Clasificación Universidad Autónoma de Chapingo
        Folletos Zootecnia Zootecnia   09/11/2005     z_A0300 18/01/2022 9 18/01/2022 Folleto   Clasificación Universidad Autónoma de Chapingo
        Folletos Zootecnia Zootecnia   09/11/2005     z_A0301 18/01/2022 10 18/01/2022 Folleto   Clasificación Universidad Autónoma de Chapingo